FIFA Cover Stars (FIFA 13 - EA FC 25) - Statistiken

Allgemein
  • Dieses Quiz wurde 424 mal gespielt
  • Das Durchschnittsergebnis liegt bei 11 aus 13
Antwortstatistiken
Hint Antwort % Korrekt
FIFA 23 Mbappe
92%
FIFA 16 Messi
91%
FIFA 15 Messi
91%
EA FC 25 Bellingham
90%
FIFA 14 Messi
90%
FIFA 13 Messi
90%
FIFA 17 Reus
90%
FIFA 18 Ronaldo
90%
FIFA 19 Ronaldo
89%
FIFA 22 Mbappe
86%
EA FC 24 Haaland
84%
FIFA 21 Mbappe
83%
FIFA 20 Hazard
69%
Keine übereinstimmenden Quizze gefunden
Verteilung der Resultate
Anzahl Personen mit jedem Resultat
Perzentil nach korrekt beantworteten Fragen
Ihre Resultats-Entwicklung
Sie haben dieses Quiz noch nicht gespielt